书目信息 |
| 题名: |
山雨欲来:内战的是是非非
|
|
| 作者: | 王晓宁 著 | |
| 分册: | ||
| 出版信息: | 太原 山西教育出版社 1999.08 |
|
| 页数: | 266页 | |
| 开本: | 32开 | |
| 丛书名: | ||
| 单 册: | ||
| 中图分类: | I25 | |
| 科图分类: | ||
| 主题词: | 报告文学--中国 , 传记文学--中国 | |
| 电子资源: | ||
| ISBN: | 7-5440-1848-2 | |
| 000 | 00597nam0 2200205 45 | |
| 001 | 0011021881 | |
| 005 | 20001102183356.9 | |
| 010 | @a7-5440-1848-2@d11.80元 | |
| 100 | @a20001102d1999 km y0chiy0120 ea | |
| 101 | 0 | @achi |
| 105 | @a z 000yy | |
| 200 | 1 | @a山雨欲来:内战的是是非非@AShan Yu Yu Lai:Nei Zhan De Shi Shi Fei Fei@f王晓宁著@FWang Xiao Ning Zhu |
| 210 | @a太原@c山西教育出版社@d1999.08 | |
| 215 | @a266页@d32开 | |
| 606 | 0 | @a报告文学@x中国 |
| 606 | 0 | @a传记文学@x中国 |
| 690 | @aI25@v3 | |
| 701 | 0 | @a王晓宁@4著 |
| 801 | @aCN@bPftUser@c20001102 | |
| 905 | @b196662@dI25@eW594/1@f1 | |
| 山雨欲来:内战的是是非非/王晓宁著.-太原:山西教育出版社,1999.08 |
| 266页;32开 |
| ISBN 7-5440-1848-2:11.80元 |
| ● |
| 相关链接 |
|
|
|
正题名:山雨欲来:内战的是是非非
索取号:I25/W594/1
 
预约/预借
| 序号 | 登录号 | 条形码 | 馆藏地/架位号 | 状态 | 备注 |
| 1 | 196662 | 201966621 | 文学库108/400B社科库 20排4列3层/ [索取号:I25/W594/1] | 在馆 |